000 00612nam a2200229Ia 4500
003 OSt
005 20220928103154.0
006 a|||||r|||| 00| 0
007 ta
008 220927b |||||||| |||| 00| 0 eng d
024 _a63249
037 _cTextual
040 _aSDCL
_cSDCL
_beng
041 _2eng
_aeng
082 _aQ4, K6
100 _aJacobson Nolan Pliny
_9402732
245 0 _aBuddhism
_b The religion of analysis.
260 _aLondon
_bGeorge Allen and Unwin
_c1966
300 _a202p.
_ccm.
942 _hQ4, K6
_cTEXL
_2CC
999 _c718555
_d718555